00493nam a2200205 a 4500001001300000003000900013005001700022008004100039020002300080082001600103100002000119245002200139260003000161300001000191500003500201505001000236650001000246650001100256700002000267nice12345678IN_TiNIC20260116015314.0050524s1990 lona grp 000 0 eng  a9780330308984c25000a902.02bMAS aMasters, Gerald aPan Book of Dates aLondon bPan Books c1990 a723p  aincludes index and biblioraphy2 aIndex aDates aEvents1 aMasters, Gerald